01824cam a22002894i 4500003000900000005001700009008004100026020001500067020001800082035002000100040003300120082001700153100003500170245005500205264003500260300005500295336002100350337002500371338002300396505104200419526000901461526000901470526000801479526000801487526000801495650003101503PE-LiUPU20250731183402.017810 2013 ag a spa  a9872949945 a9789872949945 a(Sirsi) a238222 aPE-LiUPUbspacPE-LiUPUerda04a720bC242231 aCampos Baeza,Alberto.,eautor.13aUn arquitecto es una caja /cAlberto Campos Baeza. 1aArgentina:b Editorial,c2013. a189 páginas :bilustraciones ;c21 centímetros atext2rdacontent aunmediated2rdamedia avolume2rdacarrier0 aUn arquitecto es una casa -- El aire se serena y viste de hermosura y luz no usada -- Blanco e infinito -- Le corbusier es el cabanon -- Domenticando la realidad -- La máscara del tiempo -- El verdadero lujo es el espacio y su principal cualidad, la luz -- Lujo -- La monumentalidad de lo pequeño -- Una casa es un grano de arena -- Bajo el cielo de la cúpula -- siete siglos de paisaje granadino -- La estructura de una torre de 333 metros de altura y esbeltez 10 -- Nostalgia de la casa soñada -- Poemas de la luz (reflecciones entorno a la obra de Alberto Campos Baeza) -- ¿Qué enseñamos cuando enseñamos arquitectura? -- Rethinking the city -- Plano horizontal plano -- Le corbusier. mensaje en una botella -- Transparencia impenetrable en la obra de sanaa -- Saborear la arquitectura -- Experimentos de papel -- De la sala hipóstila al bosque estructural de sanaa -- Site-seeing -- Muros en Nueva York -- Reima pietilä. Investigaciones sobre la forma -- Torre en chicago -- Casa abierta -- La erosión del tiempo aP158 aP146 aP17 aP12 aP0614aArquitecturaxFilosofía.